000 00424nam a2200181Ia 4500
005 20250423100605.0
008 250422s9999 xx 000 0 und d
020 _a9789784900331
050 _aPR 9387 .9 .A34358 P7/
100 _aAdigun, Seyi
245 0 _aPrayer for the mwalimu : poems
260 _aIbadan
260 _bKraftgriots
260 _c 2009
300 _a141 p
650 _aLiterature
942 _cBK
999 _c33768
_d33768